El desempeño profesional en la labor pedagógica del docente del programa de formación de grado en gestión ambiental (sede Maturín)
Presenta una estrategia para el perfeccionamiento del desempeño profesional pedagógico docente en el Programa de Formación de Grado en Gestión Ambiental.
Gardado en:
| Autor Principal: | |
|---|---|
| Autor Corporativo: | |
| Outros autores: | , |
| Formato: | eBook |
| Idioma: | Lingua castelá |
| Publicado: |
La Habana :
Editorial Universitaria,
2011.
|
| Subjects: | |
| Acceso en liña: | https://elibro.unach.elogim.com/es/lc/unach/titulos/85549 |
| Tags: |
Engadir etiqueta
Sen Etiquetas, Sexa o primeiro en etiquetar este rexistro!
|
MARC
| LEADER | 00000nam a2200000 a 4500 | ||
|---|---|---|---|
| 001 | ELB85549 | ||
| 003 | FlNmELB | ||
| 006 | m o d | | ||
| 007 | cr cn||||||||| | ||
| 008 | 201201r2011 cu |||||s|||||||||||spa d | ||
| 024 | 8 | |z 71205014210 | |
| 035 | |a (MiAaPQ)EBC3200213 | ||
| 035 | |a (Au-PeEL)EBL3200213 | ||
| 035 | |a (CaPaEBR)ebr10576778 | ||
| 035 | |a (OCoLC)929373335 | ||
| 040 | |a FlNmELB |b spa |c FlNmELB | ||
| 050 | 4 | |a LB2300 |b M313 2011 | |
| 080 | |a 378 | ||
| 082 | 0 | 4 | |a 378 |2 22 |
| 100 | 1 | |a Marcano Fierro, Ybelise Margarita. |4 aut | |
| 245 | 1 | 3 | |a El desempeño profesional en la labor pedagógica del docente del programa de formación de grado en gestión ambiental (sede Maturín) |h [recurso electronico] |c Ybelise Margarita Marcano Fierro. |
| 260 | |a La Habana : |b Editorial Universitaria, |c 2011. | ||
| 300 | |a 185 p. | ||
| 500 | |a Tesis (doctorado) - Instituto Pedagógico Latinoamericano y Caribeño. | ||
| 520 | |a Presenta una estrategia para el perfeccionamiento del desempeño profesional pedagógico docente en el Programa de Formación de Grado en Gestión Ambiental. | ||
| 533 | |a Recurso electrónico. Santa Fe, Arg.: e-libro, 2015. Disponible vía World Wide Web. El acceso puede estar limitado para las bibliotecas afiliadas a e-libro. | ||
| 650 | 4 | |a Educación. |x Educación superior. | |
| 650 | 4 | |a Education. |x Higher. | |
| 655 | 4 | |a Libros electrónicos. | |
| 700 | 1 | |a Marimón Carrazana, José. |4 drt | |
| 700 | 1 | |a Arteaga González, Susana. |4 drt | |
| 710 | 2 | |a e-libro, Corp. | |
| 856 | 4 | 0 | |u https://elibro.unach.elogim.com/es/lc/unach/titulos/85549 |